Capoluoghi di Provincia e Regioni - Quiz n°7 - Statistics

Statistiche generali
  • Questo quiz è stato fatto 47 volte
  • Il punteggio medio è 9 su 10
Statistiche sulle risposte
Hint Risposta % Corretto
Napoli Campania
100%
Piacenza Emilia-Romagna
100%
Ancona Marche
100%
Siena Toscana
97%
Benevento Campania
94%
Torino Piemonte
91%
Cuneo Piemonte
91%
Catanzaro Calabria
89%
Rovigo Veneto
89%
Fermo Marche
86%
Nessun quiz corrispondente trovato
Distribuzione punteggi
Percentuale di utenti per punteggio
Percentile per numero di risposta
I tuoi punteggi nel tempo
Non hai fatto questo quiz